<?xml version="1.0" encoding="UTF-8"?>
<collection xmlns="http://www.loc.gov/MARC21/slim">
 <record>
  <leader>01633nam a2200301 a 4500</leader>
  <controlfield tag="001">13532</controlfield>
  <controlfield tag="003">BD-DhAAL</controlfield>
  <controlfield tag="008">090707s1982    enka     b    001 0 eng d</controlfield>
  <datafield tag="999" ind1=" " ind2=" ">
   <subfield code="c">2133</subfield>
   <subfield code="d">2133</subfield>
  </datafield>
  <datafield tag="020" ind1=" " ind2=" ">
   <subfield code="a">0140138080</subfield>
  </datafield>
  <datafield tag="040" ind1=" " ind2=" ">
   <subfield code="a">BD-DhAAL</subfield>
  </datafield>
  <datafield tag="082" ind1="0" ind2="0">
   <subfield code="a">820.9356</subfield>
   <subfield code="2">19</subfield>
  </datafield>
  <datafield tag="245" ind1="1" ind2="4">
   <subfield code="a">The new Pelican guide to English literature</subfield>
   <subfield code="n">Vol.2,</subfield>
   <subfield code="p">The age of Shakespeare /</subfield>
   <subfield code="c"> edited by Boris Ford.</subfield>
  </datafield>
  <datafield tag="250" ind1=" " ind2=" ">
   <subfield code="a">Revised and expanded edition with revised bibliography</subfield>
  </datafield>
  <datafield tag="260" ind1=" " ind2=" ">
   <subfield code="a">Harmondsworth:</subfield>
   <subfield code="b">Penguin,</subfield>
   <subfield code="c">1982</subfield>
  </datafield>
  <datafield tag="300" ind1=" " ind2=" ">
   <subfield code="a">592 pages :</subfield>
   <subfield code="b">illustrations ;</subfield>
   <subfield code="c">20 cm.</subfield>
  </datafield>
  <datafield tag="490" ind1="1" ind2=" ">
   <subfield code="a">Pelican guide to English literature ;</subfield>
   <subfield code="v">v. 2</subfield>
  </datafield>
  <datafield tag="504" ind1=" " ind2=" ">
   <subfield code="a">Includes bibliographical references and index.</subfield>
  </datafield>
  <datafield tag="541" ind1="1" ind2=" ">
   <subfield code="e">13532, 13533, 13534</subfield>
  </datafield>
  <datafield tag="600" ind1="1" ind2="0">
   <subfield code="a">Shakespeare, William,</subfield>
   <subfield code="d">1564-1616</subfield>
   <subfield code="x">Criticism and interpretation.</subfield>
   <subfield code="9">41337</subfield>
  </datafield>
  <datafield tag="650" ind1=" " ind2="0">
   <subfield code="a">English literature</subfield>
   <subfield code="y">Early modern, 1500-1700</subfield>
   <subfield code="x">History and criticism.</subfield>
   <subfield code="9">41338</subfield>
  </datafield>
  <datafield tag="650" ind1=" " ind2="0">
   <subfield code="a">English literature</subfield>
   <subfield code="x">History and criticism</subfield>
   <subfield code="9">41339</subfield>
  </datafield>
  <datafield tag="700" ind1="1" ind2=" ">
   <subfield code="a">Ford, Boris</subfield>
   <subfield code="9">41340</subfield>
  </datafield>
  <datafield tag="852" ind1="4" ind2=" ">
   <subfield code="a">Ayesha Abed Library</subfield>
   <subfield code="j">General Stacks</subfield>
  </datafield>
  <datafield tag="942" ind1=" " ind2=" ">
   <subfield code="2">ddc</subfield>
   <subfield code="c">BK</subfield>
  </datafield>
  <datafield tag="952" ind1=" " ind2=" ">
   <subfield code="0">0</subfield>
   <subfield code="1">0</subfield>
   <subfield code="2">ddc</subfield>
   <subfield code="4">1</subfield>
   <subfield code="6">820_935600000000000_FOR</subfield>
   <subfield code="7">0</subfield>
   <subfield code="9">1965</subfield>
   <subfield code="a">BRACUL</subfield>
   <subfield code="b">BRACUL</subfield>
   <subfield code="c">SPS</subfield>
   <subfield code="d">2009-07-07</subfield>
   <subfield code="g">225.00</subfield>
   <subfield code="l">1</subfield>
   <subfield code="m">4</subfield>
   <subfield code="o">820.9356 FOR</subfield>
   <subfield code="p">3010013534</subfield>
   <subfield code="r">2018-06-03</subfield>
   <subfield code="s">2018-05-08</subfield>
   <subfield code="t">3</subfield>
   <subfield code="v">450.00</subfield>
   <subfield code="w">2009-07-07</subfield>
   <subfield code="y">BK</subfield>
  </datafield>
  <datafield tag="952" ind1=" " ind2=" ">
   <subfield code="0">0</subfield>
   <subfield code="1">0</subfield>
   <subfield code="2">ddc</subfield>
   <subfield code="4">1</subfield>
   <subfield code="6">820_935600000000000_FOR</subfield>
   <subfield code="7">0</subfield>
   <subfield code="9">8891</subfield>
   <subfield code="a">BRACUL</subfield>
   <subfield code="b">BRACUL</subfield>
   <subfield code="c">SPS</subfield>
   <subfield code="d">2010-03-30</subfield>
   <subfield code="g">225.00</subfield>
   <subfield code="l">3</subfield>
   <subfield code="m">3</subfield>
   <subfield code="o">820.9356 FOR</subfield>
   <subfield code="p">3010013533</subfield>
   <subfield code="r">2018-07-09</subfield>
   <subfield code="s">2018-05-07</subfield>
   <subfield code="t">2</subfield>
   <subfield code="w">2010-03-30</subfield>
   <subfield code="y">BK</subfield>
  </datafield>
  <datafield tag="952" ind1=" " ind2=" ">
   <subfield code="0">0</subfield>
   <subfield code="1">0</subfield>
   <subfield code="2">ddc</subfield>
   <subfield code="4">1</subfield>
   <subfield code="6">820_935600000000000_NEW</subfield>
   <subfield code="7">0</subfield>
   <subfield code="9">14647</subfield>
   <subfield code="a">BRACUL</subfield>
   <subfield code="b">BRACUL</subfield>
   <subfield code="c">SPS</subfield>
   <subfield code="d">2011-03-14</subfield>
   <subfield code="g">225.00</subfield>
   <subfield code="l">2</subfield>
   <subfield code="m">22</subfield>
   <subfield code="o">820.9356 NEW</subfield>
   <subfield code="p">3010013532</subfield>
   <subfield code="r">2018-10-08</subfield>
   <subfield code="s">2018-05-08</subfield>
   <subfield code="t">1</subfield>
   <subfield code="w">2011-03-14</subfield>
   <subfield code="y">BK</subfield>
   <subfield code="x">Photocopy Book. Declared as Damaged on December 10, 2023</subfield>
  </datafield>
 </record>
</collection>
